000 00391pab a2200145 454500
008 180718b2001 xxu||||| |||| 00| 0 eng d
100 _aCull, Robert
245 _aFinancial sector reform: what work and what doesn't
260 _c2001
300 _ap.269-90.
362 _aJan
650 _aFinancial administration
773 _aEconomic Development and Cultural Change
909 _a52575
999 _c52575
_d52575